01158nabaa22001937a 4500999001500000003000400015005001700019008004100036040000700077100003000084245012100114300001300235500003700248505042700285505008900712650003200801773011800833942001300951 c6176d6176OSt20260123232621.0190701b xxu||||| |||| 00| 0 spa d cPJ 96917aNovik, Yanet Paula 10aDenuncia de ilegitimidad :b¿herramienta que permite una verdadera defensa del administrado? /cYanet Paula Novik.  ap. 73-81 aCita: TR LALEY AR/DOC/1110/2024  aSumario: I. Introducción.— II. Actos administrativos. Definición.— III. Agotamiento de la vía administrativa.— IV. Análisis breve de la figura de la denuncia de ilegitimidad.— V. El derecho de defensa, una herramienta para promover la igualdad.— VI. Jurisprudencia argentina respecto a la habilitación de la instancia judicial tras la resolución de la denuncia de ilegitimidad.— VII. Conclusión.  t¿Te interesa el texto completo? Comunicate al correo: koha@justierradelfuego.gov.ar 09211aDERECHO ADMINISTRATIVO0 0284293251dBuenos Aires : AbeledoPerrot, 2012-oDA121tDerecho administrativo. Nº 153 mayo/junio 2024z18510590 2udccANA